| 000 | 00393nam a22001337a 4500 | ||
|---|---|---|---|
| 999 |
_c524995 _d524995 |
||
| 008 | 240205b ||||| |||| 00| 0 eng d | ||
| 100 |
_aSinha, Jagdish N. _943036 |
||
| 245 | _aWar and imperialism: India in the second world war | ||
| 260 | _aSocial Scientist | ||
| 300 | _a519(9-10), Sep-Oct, 2023: p.101-103 | ||
| 773 | _aSocial Scientist | ||
| 906 | _aBOOK REVIEW | ||
| 942 | _cAR | ||